| 000 | 00417nam a22001457a 4500 | ||
|---|---|---|---|
| 020 | _a- | ||
| 082 | _a928.914391 MAL | ||
| 100 |
_aMalik, Nadeem Shafiq Dr. _9457 |
||
| 245 | _aNawadrat-e-Allama Iqbal (Urdu) | ||
| 260 |
_aKarachi _bFiction House _c2015 |
||
| 300 | _a336 p. | ||
| 500 | _aIncludes bibliographical references | ||
| 650 |
_a1. Iqbal, Muhammad Sir, 1877-1938. 2. Bibliography _9110190 |
||
| 942 |
_cBK _2ddc |
||
| 999 |
_c13564 _d13564 |
||